000 00643nam a2200205 a 4500
001 BRCA_1589
005 20190320203457.0
008 251105s1986-------a---###---#000-0#eng-d
020 _a0500235414
050 4 _aN6490
_b.A76 1986
100 1 _aArnason, H. H.
_95040
245 1 0 _aA History of Modern Art
_bPainting, Sculpture, Architecture, Photography
_cH. H. Arnason.
250 _a3
260 _aLondon
_bThames and Hudson
_c1986
300 _a744 p.
_bil. (algunas a color)
_c30 cm.
500 _aIncluye índice alfabético
504 _aBibliografía : p. 699-720
650 1 4 _aArte moderno
_xHistoria
_ySiglo XX
_95041
942 _2lcc
_cB
999 _c1413
_d1413